Дело о службе состоявшего при санкт-петербургских театрах, уволенного музыканта, валторниста, пенсионера Рудольфа Гугель

Доступно только в Электронных читальных залах Найти на картеНа карте
RUSMARC
00003711nmc2a22000003x 450
0019fe7bf2f-a74a-49a5-abba-ebf202ee8f85
00520181009235913.0
100##$a20161222l18221848k l0rusy0189 ca
1010#$arus
$afre
102##$aRU
2001#$aДело о службе состоявшего при санкт-петербургских театрах, уволенного музыканта, валторниста, пенсионера Рудольфа Гугель
$j1 октября 1822 г. - 2 сентября 1848 г.
251##$cДело
300##$aНа русском и французском языках
801#0$aRU
$bРГИА
$c20161222
$gRCR
801#1$aRU
$bГлавНИВЦ
$c20161222
$2rusmarc
801#2$aRU
$bПБ им. Б.Н. Ельцина
$c20181009
$gRCR
$2rusmarc
850##$aРГИА
852##$aРГИА
$eФедеральное казенное учреждение "Российский государственный исторический архив" (РГИА)
$j2215
937##$hРГИА
$d12236462
$aASBIBLIO_SCAN
462#0$1001dd3991dc-24e1-42ec-8838-ca4255420416
$12001
$a1746-1850 гг.
$1251
$cОпись
$1852
$j1
461#0$10019264ebf8-de62-4f1a-9eb4-9f22098dbbd5
$12001
$aДирекция императорских театров МИДв
$1251
$cФонд
$1852
$j497
215##$a40 л.
$d36,5х26 см
371##$aДокумент не является опубликованным и широко распространяемым
105##$ay###
1222#$ad
035##$a9fe7bf2f-a74a-49a5-abba-ebf202ee8f85
856##$uhttp://readingroom.main.prlib.ru/item.aspx?id_node=n119115615&mode=full
Формат отображения